දිගාමුඩුල්ලේලේ අඩ සියවසක මගේ ගමන /

Saved in:
Bibliographic Details
Main Author: දයාරත්න , පී
Format: Book
Language:English
Sinhalese
Published: මාලඔෙ : සරසවි ,
Tags: Add Tag
No Tags, Be the first to tag this record!

MARC

LEADER 00000nam a22000007a 4500
003 LK-ApPL
005 20260421104808.0
008 260421b |||||||| |||| 00| 0 eng d
020 |a 9789553130761 
040 |a LK-ApPL  |b sin  |d LK-ApPL 
041 |a sin 
082 |2 23  |a 324.2092  |b දයාර 
100 |a දයාරත්න , පී  
245 |a දිගාමුඩුල්ලේලේ අඩ සියවසක මගේ ගමන /  |c පී. දයාරත්න  
260 |a මාලඔෙ :  |b සරසවි , 
300 |a පි. 448 :  |c සෙ.මි.21 
942 |c LBK 
999 |c 24364  |d 24364